Normal view
MARC view
- Dependencia
Entry Materia
001 - NÚMERO DE CONTROL DEL REGISTRO
- campo de control: 13256
003 - IDENTIFICADOR DE NUMERO DE CONTROL
- campo de control: UPN
005 - FECHA Y HORA DE LA ÚLTIMA TRANSACCIÓN
- campo de control: 20241205085138.0
008 - DATOS DE LONGITUD FIJA
- campo de control de longitud fija: nabaccnnaabn|||||||||| b |nc|||||d
035 ## - NÚMERO DE CONTROL DEL SISTEMA
- Número de control del sistema: UPN10000013264
040 ## - FUENTE DE LA CATALOGACIÓN
- Lengua de catalogación: spa
- Agencia de transcripción: UPN
150 ## - ENCABEZAMIENTO - TEMÁTICO
- Término de materia o nombre geográfico como elemento inicial: Dependencia
360 ## - REFERENCIA COMPLEJA DE VÉASE ADEMÁS - MATERIA
- Texto explicativo: Véase además la subdivisión
- Encabezamiento al que se remite: DEPENDENCIA DE PAISES EXTRANJEROS
- Texto explicativo: o
- Encabezamiento al que se remite: DEPENDENCIA DE [LUGAR]
- Texto explicativo: bajo nombres de países, ciudades, etc.
670 ## - FUENTE EN LA QUE SE LOCALIZARON DATOS
- Cita de la fuente: B4
680 ## - NOTA GENERAL CON DESPLIEGUE PÚBLICO
- Texto explicativo: Usase para obras generales o teóricas que discuten la subordinación, dependencia o desarrollo económico, social, cultural o políticos de regiones o países sobre otras regiones o países
902 ## - CATALOGADOR
- Catalogador: LG/070397/RGJD/1224
